000
00347nam a2200157Ia 4500
003
OSt
005
20231120090833.0
008
170524s9999 xx 000 0 und d
020
_a
9780071077972
040
_c
IIMT UNIVERSITY
100
_a
GOYAL D P
100
_c
2011
245
0
_a
ENTERPRISE REOURCE PLANING
260
_a
TMH
942
_2
ddc
_c
02
999
_c
2937
_d
2937